00524 2200193 4500001002100000005001500021035002000036245008600056100001400142250000600156300003500162700001800197260002700215082001000242084001600252020001800268650002700286990001700313INLIS00000000000045320181031013922 a0010-10180001431 aMembaca dan Menulis Permulaan Model Pakem /cSupriyono; Penyunting, Ariani Fitria0 aSupriyono a- aiv, 60 hlm. :bilus. ;c25 cm.0 aAriani Fitria aSurabaya :bSIC,c2010 a371.3 a371.3 SUP m a979-9917-22-0 aMetodeBelajar Mengajar a01580/P/2018